| 000 | 004650000a22001810004500 | ||
|---|---|---|---|
| 003 | MACL | ||
| 005 | 20160109130251.0 | ||
| 008 | 160109b xxu||||| |||| 00| 0 eng d | ||
| 040 |
_aMACL _cMACL |
||
| 041 | _aEnglish | ||
| 082 | _a920.72/PRI | ||
| 100 |
_aPritam, Amrita _99682 |
||
| 245 |
_aThe Revenue Stamp _bAn Autobiography |
||
| 260 |
_bVikas Publishing House _c1977 _aNew Delhi |
||
| 350 | _a40 | ||
| 650 |
_aBiography _930328 |
||
| 942 |
_cBK _k920.72/PRI _2ddc |
||
| 999 |
_c37448 _d37448 |
||